000 02364cam a22003854i 4500
003 PE-LiUPU
005 20250731183421.0
008 150625s r 000 0 d
020 _a9972209067
035 _a(Sirsi) i9789972209062
040 _aPE-LiUPU
_bspa
_cPE-LiUPU
_erda
049 _aPRUA
082 0 4 _a747
_bV46
_221
100 1 _aVentura, Anna,
_eautor.
245 1 0 _aIdeas prácticas en decoración /
_c[textos de Anna Ventura, corrección y edición por Susana Gonzalez].
264 1 _aLima :
_bLexus Editores,
_c2006.
300 _a199 páginas :
_bilustraciones, col., retrs. ;
_c34 centímetros
336 _atext
_2rdacontent
337 _aunmediated
_2rdamedia
338 _avolume
_2rdacarrier
505 0 _aLas telas. -Las cortinas. -Estores. -Persianas enrollables. -Persianas venecianas. -Visillos. -Los pavimentos. -La madera. -Parqué. -Listones. -Mosaico. -Acabados de la madera. -Pavimentos régidos. -Ladrillo. -Baldosas. -Piedras. -Terrazo. -Otros. -Los suelos textiles. -Fibras naturales. -Moquetas. -Los revestimientos. -La pintura. -El papel pintado. -Los tejidos. -Los azulejos. -Los estucos. -Los colores. -El blanco y los colores neutros. -Los amarillos. -Los rojos. -Los azules. -Los verdes. -El negro. -Iluminación de un espacio. -Tipos de fuentes de iluminación. -Tipos de fuentes de luz eléctrica. -Parámetros de la luz. -Lámparas de mesa. -Lámparas de pie. -Lámparas colgantes o de techo. -Lámparas empotrables u ojos de buey. -Carriles de iluminación. -Los focos. -Alpliques de pared. -Vestíbulos y entradas. -Pasillos y escaleras. -Cocinas. -Baños. -Comedores. -Salones. -Dormitorios. -Estudios y bibiotecas.
526 _aP158
526 _aP146
526 _aP17
526 _aP12
526 _aP06
541 _g001-0006896;
650 0 4 _aDecoración de interiores
_vManuales, etc.
700 1 _aGonzález, Susana,
_eeditor.
942 _2ddc
_cBOOK
949 _a747 V46
_wDEWEY
_c1
_i57156
_lCCODEBUL1
_mBUL
_p15.00
_r0
_sY
_tBOOK
_u2015-6-25
_xINGENIERIA
_zAGB
_0COMPRA
_o.STAFF. Colección General
994 _aC0
_bPEPRU
596 _a1
999 _a747 V46
_wDEWEY
_c46273
_i57156
_d46273
_f2021-11-10
_g7
_lCCODEBUL1
_mBUL
_p15.00
_q2
_r0
_sY
_tBOOK
_u2015-6-25
_xINGENIERIA
_zAGB
_0COMPRA
_o.STAFF. Colección General
980 _81
_gALBERTO SANCHEZ Responsable de Automatización